MDQL
is popping MORE tags! Check the
thread
!
Quizzes
Events
Quiz Creation
Community
Videos
Private Events
Remove Ads
Sign In
Join for FREE
Feedback
Dark Mode
Quiz Categories
Sports
Geography
Music
Movies
Television
Just For Fun
Miscellaneous
History
Literature
Language
Science
Gaming
Entertainment
Religion
Holiday
For Kids
Quiz Lab
Recent
Popular Today
Quiz Kudos Today
Editor Picks
Curator Picks
Quizzes by...
Day
Popularity
Type
Ratings
Length
Year
Community
Subscriptions
Recent Discussions
Orange Saloon
Badges
Playlists
Quests
Create
Leaderboards
Showdown
Live 5
Trivia Bingo
Activity
Puzzle Library
Sporcle Events
Private Events
Virtual Trivia
Globe League
Become a Host
Pub Owners
SporcleCon
Opinionation
Our Games
Videos
Blog
Mobile Apps
Partnerships
Remove Ads and Go Orange
Feedback
History
US Presidents
World Leaders
Politics
Nation
Discovery
War
Decade
Year
Century
Biography
Art
History
US Presidents
World Leaders
Politics
Nation
Discovery
War
Decade
Year
Century
Biography
Art
Random Quiz
Search Sporcle
×
Quiz Lab
Quiz Lab
History
State
Type in answers that appear in a list
Type in answers that appear in a list
Classic
Best Score? Go Orange.
States by Presidential Birthplace Stats
Can you name the States by Presidential Birthplace?
By
roonilwazlib
3m
21 Questions
298 Plays
298 Plays
298 Plays
Comments
Comments
Give Quiz Kudos
Give Quiz Kudos
-
- Ratings
hide this ad
More Info
Replay
Link that replays current quiz
Next Quiz
Link to next quiz in quiz playlist
You Got
0%
They Got
Avg Score
91%
Avg Friend Score
Upgrade to see
Score Distribution
Jump to the score distribution portion of the page
Score
0/21
Timer
03:00
0
Plays Today
Number of Presidents
State Name
% Correct
8
Virginia
100%
2
Texas
97%
1
California
97%
7
Ohio
96.3%
4
Massachusetts
96.3%
4
New York
96%
1
Illinois
94.6%
2
North Carolina
93%
1
Pennsylvania
93%
1
Georgia
91.6%
1
Kentucky
91.6%
Number of Presidents
State Name
% Correct
1
Hawaii
90.6%
1
New Hampshire
90.6%
1
South Carolina
89.9%
2
Vermont
88.6%
1
New Jersey
88.3%
1
Connecticut
87.6%
1
Arkansas
86.2%
1
Missouri
85.2%
1
Iowa
84.2%
1
Nebraska
77.9%
Quiz Playlist
Details
Report
Send in Message
Add To Playlist
More Info:
Some states were the birthplace of lots of Presidents. Can you name them?
Classic:
Type in answers that appear in a list
Quiz Source
Last Updated: Feb 16, 2017
Quiz Scoreboard
CHALLENGE
Sign Up to Join the Scoreboard
Show All
Scores
Hide
Comments
May contain spoilers
Recently Published
Image Sorting: Flags VI
by Barbecue
Geography
2m
Find the 'City' Movie
by crazypaving
Movies
60s
Colored Red Africa Blitz
by spor1
Geography
45s
More to Explore
Quiz From the Vault
Featured Blog Post
14 Easter Pick-up Lines to Find Eggs With
hide this ad
You Might Also Like...
Tags
Numbers Quiz
State Quiz
US Presidents Quiz
birthplace
Today's Top Quizzes in History
Browse History
hide this ad
Today's Top Quizzes in State
Browse State
Top Contributed Quizzes in History
1
I Am Born On March 29th
2
Order Up: 1000 Years of World Events I
3
US National Parks Named After People
4
Popular People in 1951
5
Popular People in 1991
6
Popular People in 1941
7
Popular People in 1986
8
Popular People in 1981
9
Popular People in 1921
10
Popular People in 1976
Explore More
Trending Topics
Marvel
Crossword
NBA
Harry Potter
Kpop
Disney
Anime
Pokémon
WWE
NFL
Puzzle
The Office
Song
Country
Soccer
hide this ad
More By:
roonilwazlib
Quiz
Plays
Rating
Category
Featured
Created
States by Presidential Birthplace
298
4.67
History
Nov 7, 2010
US State Nicknames in Other Words
259
4.88
Geography
Jul 24, 2015
Oscar by Costar
247
4.25
Movies
Feb 20, 2011
Go to Creator's Profile
Score Distribution
Quiz Creator Spotlight
roonilwazlib
Follow
Send a Message
Quizzes Created
-
Created Quiz Play Count
-
More By This Creator
Popular Quizzes Today
1
Colored Red Africa Blitz
2
Find the US States - No Outlines Minefield
3
Find the 'City' Movie
4
5x2 Blitz: Bands
5
The Countries of the World
6
Find the US States
7
Find the Countries of Europe - No Outlines Minefield
8
US States
More History Quizzes
The Only One: Years (20th Century)
Published
Trending Quizzes
Colored Red Europe Blitz I
Colored Red Europe Blitz II
Colored Red Africa Blitz II
Colored Red Europe Blitz III
Colored Red Africa Blitz III
Recently Updated
How Do You Spell That?
pecheneg
Godzilla Movies
pecheneg
Grab Bag: 4-10 Letters
pecheneg
2024 March Madness Bracket
pecheneg
Famous TV Couples
Peacemaker
Champions League XIs: Real Madrid
pecheneg
Largest US Cities 1790-2010
pecheneg
Rides in Walt Disney World
pecheneg
Most Oscar Losses (Acting)
pecheneg
Beyoncé Albums
pecheneg
Trending Topics
Harry Potter
Marvel
NBA
Disney
Kpop
Crossword
Anime
Country
Puzzle
Pokémon
WWE
Soccer
Song
The Office
NFL
Your Account Isn't Verified!
In order to create a playlist on Sporcle, you need to verify the email address you used during registration. Go to your
Sporcle Settings
to finish the process.
Report this User
Report this user for behavior that violates our
Community Guidelines
.
Details:
Send Report
Go to the Sporcle.com Mobile Site →
Comments